Evaluación inicial de riesgos laborales en la Empresa Materiales de construcción EL HALCON, Sucursal Carretera a Masaya

Presenta propuesta de medidas para la prevención de riesgos laborales en le empresa Materiales de construcción EL HALCON, Sucursal Carretera a Masaya en la que se desarrolló un diagnostico en el cual se analizó cada uno de los puestos que intervienen en el proceso de las áreas correspondientes....

Full description

Bibliographic Details
Main Authors: Gutiérrez Sánchez, Rebeca Aracely, Gutiérrez José, Yahosca Rosalía, Mercado Jiménez, Erick David
Other Authors: Tutor: Gutiérrez Martínez, Marbel Evaristo
Format: Tesis Section = Libro
Language:Undetermined
Spanish
Published: Managua UNI 2018
Subjects:
LEADER 01278nam a2200277Ia 4500
008 240830s9999 xx 000 0 und d
040 |a BIBLIOTECA-RUPAP Mon 363.11 G984 
041 |a spa 
082 |a Mon 363.11 G984 
100 1 |a Gutiérrez Sánchez, Rebeca Aracely 
100 1 |b  Gutiérrez José, Yahosca Rosalía 
100 1 |c  Mercado Jiménez, Erick David 
245 1 0 |a Evaluación inicial de riesgos laborales en la Empresa Materiales de construcción EL HALCON, Sucursal Carretera a Masaya 
260 |a Managua  |b UNI  |c 2018 
300 |a 211 p. :il. 
500 |a Contiene anexo y CD 
502 |a Tesis (Ingeniero Industrial)- UNI, 2018. 
520 3 |a Presenta propuesta de medidas para la prevención de riesgos laborales en le empresa Materiales de construcción EL HALCON, Sucursal Carretera a Masaya en la que se desarrolló un diagnostico en el cual se analizó cada uno de los puestos que intervienen en el proceso de las áreas correspondientes. 
650 7 |a HIGIENE Y SEGURIDAD DEL TRABAJO 
650 7 |b PREVENCION DE RIESGOS LABORALES 
650 7 |c  MAPA DE RIESGOS – DISEÑO 
650 7 |d  SEGURIDAD E HIGIENE OCUPACIONAL 
700 1 |a Tutor:  |b Gutiérrez Martínez, Marbel Evaristo 
942 |c BK  |2 ddc 
991 |a TESIS 
999 |c 15454